[Event "Madrid"]
[Site "Madrid"]
[Date "1995.??.??"]
[Round "6"]
[White "Jussupow, Artur"]
[Black "Short, Nigel D"]
[Result "1/2-1/2"]
[WhiteElo "2660"]
[BlackElo "2655"]
[Annotator "Ftacnik,L"]
[PlyCount "54"]
[EventDate "1995.05.??"]
[EventType "tourn"]
[EventRounds "9"]
[EventCountry "ESP"]
[EventCategory "16"]
[SourceTitle "CBM 047"]
[Source "ChessBase"]
[SourceDate "1995.08.01"]
[SourceVersion "1"]
[SourceVersionDate "1995.08.01"]
[SourceQuality "1"]

1. d4 Nf6 2. c4 e6 3. Nc3 d5 4. Nf3 Be7 5. Bg5 h6 6. Bh4 O-O 7. Rc1 b6 8. cxd5
Nxd5 9. Nxd5 exd5 10. Bxe7 Qxe7 11. g3 Re8 12. Bg2 Ba6 13. e3 (13. Ne5 Nd7 14.
f4 Nxe5 15. dxe5 Bb7 16. O-O Red8 17. b4 c6 18. Qb3 Rac8 19. Rfd1 Ba6 20. Qb2
Bb5 21. Rd2 Ra8 22. e4 dxe4 23. Bxe4 Rxd2 24. Qxd2 {Uhlmann,W-Kurajica,B/
Sarajevo/1981/0.5 (41)}) 13... c5 (13... Qb4+ 14. Qd2 Qd6 15. Ne5 Bb7 16. O-O
Nd7 17. Qc2 c6 18. Nd3 Nf6 19. Rfd1 Re7 20. b4 Rc7 21. b5 Nd7 22. Qb3 c5 23.
dxc5 bxc5 24. Nf4 {Varnusz,E-Letay,G/HUN-chT 9192/1991/0-1 (27)}) 14. Qa4 Rc8
15. Ne5 (15. Qa3 Qe6 16. Rd1 Bb5 17. dxc5 bxc5 18. Nh4 Qg4 19. Bf3 Qc4 20. Qc3
Nc6 21. Nf5 Qxc3+ 22. bxc3 Rd8 23. Bxd5 Rab8 24. c4 {Ionescu Ilie,V-Marin
Ionescu,L/Bucharest-BW/1994/1-0 (32)}) 15... Qe6 16. Rc3 cxd4 (16... Rd8 17. h4
Qd6 18. a3 Qe7 19. h5 Bb7 20. O-O Na6 21. Rfc1 Nc7 22. b4 c4 23. Rxc4 dxc4 24.
Bxb7 $16 {Smyslov,V-Portisch,L/Tilburg/1984/1-0 (28)}) 17. Qxd4 (17. Rxc8+ Qxc8
18. Bxd5 Qc1+ 19. Qd1 Qxb2 20. Bxa8 Qc3+ 21. Qd2 Qa1+ 22. Qd1 Qc3+) 17... Nd7
$5 (17... Bb7 18. Rxc8+ Qxc8 19. O-O $16) 18. Bxd5 (18. Nxd7 Qxd7 19. Qxd5 (19.
Bxd5 $6 Qb5 20. Bf3 (20. Qd2 Rxc3 21. bxc3 Rd8 22. e4 Qb1+ 23. Qd1 Qb2 24. Qd2
Qa1+ 25. Qd1 Qxc3+ 26. Qd2 Qf3 $17) 20... Rd8 $17) 19... Qxd5 20. Bxd5 Rxc3 21.
bxc3 Rc8 22. Kd2 Rd8 23. e4 Bc4 24. Ke3 Bxd5 25. Rd1 Rc8 26. exd5 Rxc3+ $10)
18... Qxe5 19. Bxa8 Rxa8 20. Qxd7 Qe4 21. Rg1 Qb1+ 22. Qd1 Qxb2 23. Qd2 (23.
Rc2 Qb4+ 24. Qd2 Qe7 25. Rc3 Rd8 $44) 23... Qa1+ 24. Rc1 Qf6 25. Qd4 (25. f4
Rd8 26. Qc3 Qe6 $132) (25. Rd1 Qf3 $1) 25... Qf3 26. Qd1 Qf6 27. Qd4 Qf3
1/2-1/2

[Event "Belgrade"]
[Site "Belgrade"]
[Date "1993.??.??"]
[Round "1"]
[White "Damljanovic, Branko"]
[Black "Beliavsky, Alexander G"]
[Result "0-1"]
[WhiteElo "2570"]
[BlackElo "2635"]
[Annotator "Ftacnik,L"]
[PlyCount "84"]
[EventDate "1993.??.??"]
[EventType "tourn"]
[EventRounds "9"]
[EventCountry "YUG"]
[EventCategory "16"]
[SourceTitle "CBM 039"]
[Source "ChessBase"]
[SourceDate "1994.04.01"]
[SourceVersion "1"]
[SourceVersionDate "1994.04.01"]
[SourceQuality "1"]

1. Nf3 d5 2. c4 e6 3. d4 Nf6 4. Nc3 Be7 5. Bg5 h6 6. Bh4 O-O 7. Rc1 dxc4 8. e3
c5 9. Bxc4 cxd4 10. exd4 (10. Nxd4 $142) 10... Nc6 11. O-O Qb6 $1 12. Qd2 Rd8
13. Na4 $6 (13. Rfd1 $142 $13) 13... Qb4 $1 14. Qxb4 Nxb4 15. Nc3 Bd7 16. Rfd1
Rac8 17. Bb3 Bc6 18. Ne5 g5 19. Bg3 Be4 $1 (19... Bd5 $13) 20. h4 (20. Nxe4
Nxe4 21. Rxc8 Rxc8 $15) 20... Bf5 21. hxg5 hxg5 22. a3 Nbd5 23. Nxd5 Nxd5 24.
Bxd5 (24. Kf1 Nf6 {xd4}) 24... exd5 25. f3 f6 26. Ng4 Bxg4 $1 27. fxg4 Kf7 28.
Bc7 Re8 (28... Rd7 29. Bg3 Rc4 30. Kf2 $15) 29. Kf2 Ke6 30. Kf3 (30. Ke3 $2 Kd7
31. Bg3 Bxa3+ $19) 30... Kd7 31. Bg3 b5 $1 32. a4 (32. Rh1 Rc4 33. Rxc4 bxc4
34. Rh7 Rc8 {/\ Rc6-b6}) 32... bxa4 33. Rh1 Rxc1 34. Rxc1 Rc8 $1 35. Rxc8 (35.
Ra1 a3 36. bxa3 Rc3+ $19) 35... Kxc8 36. Ke3 a3 37. bxa3 Bxa3 38. Kd3 a5 39.
Be1 a4 40. Bc3 Kd7 41. Ke2 Kc6 42. Kd3 Kb5 0-1

[Event "Groningen"]
[Site "Groningen"]
[Date "1992.??.??"]
[Round "7"]
[White "Jussupow, Artur"]
[Black "Klovans, Janis"]
[Result "1-0"]
[WhiteElo "2640"]
[BlackElo "2470"]
[Annotator "Ftacnik,L"]
[PlyCount "67"]
[EventDate "1992.12.??"]
[EventType "tourn"]
[EventRounds "9"]
[EventCountry "NED"]
[EventCategory "14"]
[SourceTitle "CBM 034"]
[Source "ChessBase"]
[SourceDate "1993.06.01"]
[SourceVersion "1"]
[SourceVersionDate "1993.06.01"]
[SourceQuality "1"]

1. d4 Nf6 2. Nf3 d5 3. c4 e6 4. Nc3 Be7 5. Bg5 O-O 6. Rc1 h6 7. Bh4 b6 8. cxd5
Nxd5 9. Nxd5 exd5 10. Bxe7 Qxe7 11. g3 Be6 12. Bg2 Rc8 $6 $146 (12... c5) 13.
O-O c5 14. dxc5 bxc5 15. Ne5 $6 (15. Ne1 $1 Nc6 16. Nd3 $16) 15... Nd7 16. Nd3
Rab8 17. b3 d4 $6 (17... a5 18. Nf4 d4 19. Re1 a4 20. Nxe6 Qxe6 21. e3 $14) 18.
Nf4 Bf5 19. Re1 Nf6 20. e4 $1 dxe3 (20... Nxe4 21. f3 $16) 21. Rxe3 Qc7 22. Qe1
$1 Qb6 (22... Re8 23. Nd5 $1 Rxe3 24. Nxf6+ gxf6 25. Qxe3 $18) 23. Re7 a5 $6 (
23... Re8 24. Nd5 $1 $16) (23... Kf8 {/\Re8+/-}) 24. Qe5 Bh7 25. Re1 Rf8 (25...
a4 26. Nd5 Nxd5 27. Re8+ $1) 26. Bd5 a4 (26... Nxd5 27. Nxd5 Qa6 28. Qxb8 $1
Rxb8 29. Re8+ Rxe8 30. Rxe8#) 27. Bc4 (27. bxa4 $18) 27... axb3 28. axb3 Qb4
29. h3 $1 Bc2 30. Re3 Rbd8 (30... Qd2 31. Rxf7 Rxf7 32. Qxb8+ $18) 31. Qc7 Rd1+
32. Kg2 Kh8 33. Rxf7 Rxf7 34. Qxf7 $138 (34. Qxf7 Qb8 35. Re7 Qa8+ 36. f3 Rd2+
37. Ne2 Qg8 38. Qxg8+ Nxg8 39. Re8 $18) 1-0

[Event "Eksjo-09"]
[Site "Eksjo"]
[Date "1981.??.??"]
[Round "8"]
[White "Ornstein, Axel"]
[Black "Forintos, Gyozo Victor"]
[Result "1-0"]
[WhiteElo "2475"]
[BlackElo "2465"]
[Annotator "Gagarin,V"]
[PlyCount "75"]
[EventDate "1981.08.??"]
[EventType "tourn"]
[EventRounds "11"]
[EventCountry "SWE"]
[EventCategory "7"]
[SourceTitle "MCL"]
[Source "ChessBase"]
[SourceDate "1999.07.01"]
[SourceVersion "1"]
[SourceVersionDate "1999.07.01"]
[SourceQuality "1"]

1. d4 Nf6 2. c4 e6 3. Nf3 d5 4. Bg5 Be7 5. Nc3 O-O 6. Qc2 h6 $6 (6... Nbd7) (
6... b6) (6... Na6 $5) (6... c5 $1 7. dxc5 dxc4 8. e4 Qa5 $10) 7. Bxf6 Bxf6 8.
Rd1 (8. e4 $5 dxe4 (8... dxc4 9. e5 Be7 10. Bxc4 c5 11. d5 $16) 9. Qxe4 c5 10.
O-O-O (10. Bd3 g6 11. dxc5 Nd7 12. Qe3 Qa5 13. O-O Nxc5 $15) 10... Qa5 11. Bd3
Rd8 12. Qh7+ Kf8 13. Ne4 cxd4 14. Nxf6 $16 {Trifunovic,P-Rossetto,H/Mar del
Plata/1950/}) (8. O-O-O c5 $13) 8... c6 (8... c5 9. dxc5 Qa5 10. cxd5 exd5 11.
Qd2 Be6 (11... Bxc3 12. Qxc3 Qxc3+ 13. bxc3 Be6 14. Nd4 Rc8 15. e4 $1 dxe4 16.
Nxe6 fxe6 17. Bc4 Kf7 {Romanishin,O-Beliavsky,A/Leningrad/1977/1/2-1/2/39/} 18.
O-O Rxc5 19. Rd4 $16 {Romanishin}) 12. Nxd5 Qxd2+ 13. Rxd2 Bxd5 14. Rxd5 Bxb2
15. e3 Bc3+ 16. Kd1 Nc6 17. Bc4 Na5 $44 {Mikhalchishin,A-Yusupov,A/URS-FL
Ashkhabad/1978/1/2-1/2/27/}) (8... dxc4 9. e4 $36) 9. e4 dxe4 (9... b6 10. Bd3
dxe4 11. Bxe4 Bb7 12. O-O Nd7 13. b4 Qc7 14. Rfe1 Rfd8 15. a3 a5 16. Qb3 $14 {
Romanishin,O-Tarjan,J/Hastings/1976/1:0/36/}) 10. Qxe4 Qb6 11. Bd3 g6 12. Rd2
Nd7 13. Qe3 $6 (13. h4 $5 Bg7 $13) (13. O-O $1 $14) 13... Bg7 14. c5 (14. O-O
e5 $1 $15) 14... Qc7 15. Re2 (15. O-O e5 $15) 15... b6 (15... e5 $2 16. Nxe5
Nxe5 17. dxe5 Re8 18. f4 $16) 16. O-O (16. b4 $2 a5 $36) 16... bxc5 17. dxc5
Qa5 18. Ne4 Qxa2 (18... f5 19. Nd6 Nxc5 20. Bc4 $44 (20. Nc4 Qb4 $13)) 19. Nd6
$44 Qa5 (19... Ba6 20. b4 Qa3 21. Bxa6 Qxa6 $44) 20. Bxg6 $1 fxg6 $2 (20...
Qxc5 $1 21. Bxf7+ $1 Rxf7 22. Qxe6 (22. Nxf7 $2 Qxe3 23. fxe3 Kxf7 $17) 22...
Qd5 $8 23. Qe8+ (23. Nxf7 Qxe6 24. Rxe6 Kxf7 25. Rxc6 Bxb2 $15) 23... Rf8 24.
Qg6 {P e7} Rf6 25. Qe8+ Kh7 $5 (25... Rf8 26. Qg6 Rf6 $10) 26. Rd2 $1 (26. Nxc8
$2 Rf8 27. Qe7 Raxc8 28. Rd2 Rf7 $19) 26... Rxd6 27. Rxd5 Rxd5 (27... cxd5 28.
Rc1 $36) 28. Qe4+ Kh8 29. Qe8+ Kh7 30. Qe4+ Kh8 $10) 21. Qxe6+ Kh7 22. Nxc8 $16
(22. Ng5+ $2 hxg5 23. Qh3+ Kg8 24. Qe6+ Kh7 $10) 22... Raxc8 $2 (22... Nxc5 $2
23. Ng5+ $1 hxg5 (23... Kh8 24. Qxg6 hxg5 25. Qh5+ Kg8 26. Ne7#) 24. Qh3+ Kg8 (
24... Bh6 25. Re7+ $18) 25. Ne7+ Kf7 26. Qh7 $18) (22... Rfxc8 $1 23. Qxd7 Qxc5
24. Re7 Rg8 25. h4 $16) 23. Qxd7 $18 Rc7 (23... Qxc5 24. Re7 Rg8 25. Rxg7+ $18)
24. Qd6 Rf6 25. b4 $1 Rxd6 (25... Qb5 26. Qxc7 Qxe2 27. Qxa7 $18) 26. cxd6 Qb6
(26... Qxb4 27. dxc7 Qb7 28. Re7 $18) 27. dxc7 Qxc7 28. h4 Qb7 $6 (28... c5 29.
bxc5 (29. Rc2 $6 c4 $132) 29... Qxc5 30. Rd1 a5 (30... Bf8 31. Rd7+ Kg8 32. Re8
Qc1+ 33. Ne1 a5 34. Rdd8 $18) 31. Rd7 a4 32. Ree7 Qc1+ 33. Ne1 a3 (33... Qc3
34. Rxg7+ Qxg7 35. Rxg7+ Kxg7 36. Nc2 $18) 34. Rxg7+ Kh8 35. Rh7+ Kg8 36. Rdg7+
Kf8 37. Rc7 Qxe1+ 38. Kh2 Qe5+ 39. g3 Kg8 40. Rhe7 $18) 29. Rd1 a6 (29... Qxb4
30. Rd7 a5 31. Ree7 Qc3 32. Ne5 Qc1+ 33. Kh2 Qf4+ 34. Kh3 Qf5+ 35. g4 $18) 30.
Re6 c5 (30... Qxb4 31. Rd7 a5 32. Ree7 $18) 31. bxc5 a5 32. c6 Qb3 33. Rdd6 $1
Qc4 (33... a4 34. c7 Qc4 35. Rc6 $18) 34. Re7 Qc1+ (34... a4 35. Rdd7 $18) 35.
Ne1 h5 36. Rdd7 Kh6 37. Rxg7 Qxe1+ 38. Kh2 (38. Kh2 Qe5+ 39. g3 $18) 1-0

[Event "FRA-chT"]
[Site "France"]
[Date "1995.??.??"]
[Round "?"]
[White "Gurevich, Mikhail"]
[Black "Marciano, David"]
[Result "1/2-1/2"]
[WhiteElo "2605"]
[BlackElo "2430"]
[Annotator "Gurevich,M"]
[PlyCount "101"]
[EventDate "1995.??.??"]
[EventType "team"]
[EventRounds "5"]
[EventCountry "FRA"]
[SourceTitle "EXT 1997"]
[Source "ChessBase"]
[SourceDate "1996.11.15"]
[SourceVersion "1"]
[SourceVersionDate "1996.11.15"]
[SourceQuality "1"]

1. d4 d5 2. c4 e6 3. Nc3 Be7 4. Nf3 Nf6 5. Bg5 h6 6. Bh4 O-O 7. cxd5 Nxd5 8.
Bxe7 Qxe7 9. Qb3 Nxc3 10. Qxc3 b6 11. Rc1 Nd7 $1 {TN} (11... c6 {-59/486}) 12.
e3 (12. Qxc7 $2 Ba6 13. Ne5 (13. Qc3 Rfc8 14. Qd2 Rxc1+ 15. Qxc1 Rc8 16. Qd2
Nf6 $40 {(/\17...Ne4,17...Qc7)}) 13... Rfc8 14. Nc6 Qg5 15. f4 $8 Rxc7 16. fxg5
Rac8 17. Ne7+ Kf8 $19) 12... Bb7 13. Bb5 c6 14. Be2 c5 15. O-O Rfc8 16. Rfd1
cxd4 17. Qxd4 Rxc1 18. Rxc1 Rc8 19. Rd1 (19. Rxc8+ Bxc8 $10) 19... Nf6 (19...
Bxf3 $5 20. Bxf3 Nf6 $10) 20. Ne5 $5 {[/\21.f3,22.e4]} Kf8 (20... Qc5 21. Qxc5
Rxc5 (21... bxc5 22. f3 $14) 22. Rd8+ Kh7 23. Nxf7 $16) 21. f3 Qc5 $5 22. Qxc5+
Rxc5 23. Rd8+ $5 (23. Nd7+ Nxd7 24. Rxd7 Bc6 $1 (24... Bd5 25. Rxa7 Rc2 26. Bb5
$1 Rxb2 27. a4 $14) 25. Rxa7 Rc2 26. Bf1 Rxb2 $10) 23... Ke7 24. Rb8 Bd5 (24...
Rc7 25. e4 Kd6 (25... Nd7 26. Nxd7 Rxd7 27. Kf2 $14) 26. Nc4+ Ke7 27. Kf2 $14)
25. b4 $5 Rc1+ 26. Kf2 Nd7 (26... Bxa2 27. Rb7+ $16) 27. Nxd7 Kxd7 28. Bb5+ (
28. e4 $2 Bxa2 29. Rb7+ Rc7) 28... Ke7 (28... Bc6 29. Rb7+ $16) (28... Kd6 29.
Rd8+ Ke5 30. Rd7 $16) 29. e4 Bc4 $2 (29... Bxa2 30. Rb7+ Kf8 31. Rxa7 Bc4 32.
Bc6 (32. Rc7 $4 Rf1+ 33. Kg3 Bxb5 $19) 32... Rb1 33. e5 $5 f6 (33... Rxb4 $2
34. Ra8+ Ke7 35. Re8#) 34. exf6 gxf6 35. Rh7 Rxb4 36. Rxh6 $10) 30. Rb7+ Kf6
31. Bxc4 (31. Be8 $6 Rc2+ 32. Kg3 Bf1 33. Rxf7+ Ke5 $132) 31... Rxc4 32. a3 $14
a5 33. Rxb6 axb4 34. axb4 (34. Rxb4 Rc2+ 35. Kg3 Ra2 36. a4 e5 $10) 34... Rc2+
35. Kg3 g5 36. h4 $2 (36. Rb8 $14 {[/\b4-b5-b6]}) 36... gxh4+ 37. Kh3 Kg5 $1
$10 {[/\38...Kf4,39...Rc1<=>]} 38. Rb7 f5 39. exf5 exf5 40. Rg7+ Kf6 41. Rg8
Rc4 $1 (41... Rb2 42. Kxh4 Rxb4+ 43. Kh5 $14) 42. b5 Rb4 43. Rb8 Kg5 44. b6 Rb1
45. Kh2 Kf4 46. b7 h3 47. Rh8 Rxb7 48. Kxh3 Rb1 49. Kh2 Kg5 50. Kg3 Rb4 51.
Rg8+ 1/2-1/2

[Event "Groningen op"]
[Site "Groningen"]
[Date "1997.??.??"]
[Round "5"]
[White "Gurevich, Mikhail"]
[Black "Kupreichik, Viktor D"]
[Result "1-0"]
[WhiteElo "2585"]
[BlackElo "2500"]
[Annotator "Gurevich,M"]
[PlyCount "67"]
[EventDate "1997.12.20"]
[EventType "swiss"]
[EventRounds "11"]
[EventCountry "NED"]
[SourceTitle "CBM 063"]
[Source "ChessBase"]
[SourceDate "1998.03.26"]
[SourceVersion "1"]
[SourceVersionDate "1998.03.26"]
[SourceQuality "1"]

1. d4 d5 2. c4 e6 3. Nc3 Nf6 4. Bg5 dxc4 5. e4 Be7 $5 {TN} (5... c5 6. d5 Be7
7. Bxf6 Bxf6 8. Bxc4 O-O 9. Nf3 exd5 10. Bxd5 Qb6 11. Rb1 Nc6 $13 {0-1
Dydyshko,V-Kharlov,A/Swidnica TV KO 1997 (27)}) 6. Nf3 (6. Bxc4 Nxe4 $1 7. Bxe7
Nxc3 8. Bxd8 Nxd1 9. Bxc7 Nxb2 10. Bb3 Bd7 $15) 6... c5 7. Bxc4 cxd4 8. Qxd4 h6
$5 (8... Qxd4 9. Nxd4 $14 {with idea 10.f3}) 9. Bf4 (9. Bh4 $6 Qxd4 10. Nxd4
Nxe4 11. Bb5+ Bd7 12. Nxe4 Bxh4 13. Nd6+ Ke7 $17) (9. Qxd8+ Bxd8 10. Bh4 Ba5 $5
$13) 9... Qa5 10. O-O Nc6 11. Qd3 O-O {With idea 12...Rd8 and Bc8-d7-e8} 12. e5
$5 Nh5 (12... Rd8 $2 13. exf6 $1 Rxd3 14. fxe7 $16) 13. Qe4 Nxf4 14. Qxf4 Qb4
$5 {with idea 15...Qxb2 and 15...Na5} 15. Ne4 $5 g5 $5 16. Qg4 (16. Qc1 Qa5 $13
) (16. Nf6+ Bxf6 17. Qxf6 Qxc4 18. Qxh6 Qe4 19. Nxg5 Qg6 $17) (16. Nexg5 hxg5
17. Nxg5 Nxe5 $1 $17) 16... Qxb2 {with idea 17...Nxe5} (16... Qxc4 $2 17. Nf6+
Bxf6 18. Qxc4) (16... h5 17. Qxh5 Qxc4 18. Nfxg5 $18) 17. Qg3 $1 Qc2 $1 18.
Rae1 $1 {with idea 19.Bb3} (18. Nfd2 Nd4 19. Rac1 Qxc4 $1 20. Rxc4 Ne2+ $17) (
18. Rfe1 $5 Qxc4 19. Rac1) 18... Qxc4 19. Nexg5 $1 {[#]} Qd3 $3 (19... Qc2 20.
Re4 $1 $40 hxg5 (20... Kh8 21. Rh4 $1 Qg6 22. Nxf7+ $1 Kg7 $1 (22... Qxf7 23.
Rxh6+ Qh7 24. Rxh7+ Kxh7 25. Re1 $1 $40 {With an idea Re1-e4-g4}) 23. Rg4 Qxg4
24. Qxg4+ Kxf7 25. Nh4 $5 $36 (25. Qh5+ Kg7 26. Qg4+)) 21. Nxg5 f6 22. exf6
Rxf6 (22... Bd6 23. Qh4 $18) 23. Nxe6+ Kf7 24. Qg7+ Ke8 25. Nc7+ Kd8 26. Rxe7
Nxe7 27. Qxf6 Kxc7 (27... Qxc7 28. Qf8+ Kd7 29. Rd1+ $40) 28. Qxe7+ Kb8 29. f4
$5 $36 (29. Qe3 $5 {with idea 30.Rc1})) (19... hxg5 20. Nxg5 f5 21. exf6 Bxf6
22. Nxe6+ Kf7 23. Qc7+ Be7 24. Nxf8 Kxf8 25. Rxe7 $16) 20. Nxf7+ $1 (20. Re4
Bxg5 21. Rg4 Kh8 $19) 20... Kxf7 21. Ng5+ hxg5 $1 22. Qxd3 Ke8 $1 (22... Kg7
23. Re4 Rf5 24. Qg3 $36) 23. Rd1 Rf5 24. Rfe1 Nxe5 25. Qh3 (25. Rxe5 $5 Rxe5
26. Qg6+ Kf8 27. Qh6+ Kg8 28. Qg6+) 25... Nf7 $1 26. Qh7 Kf8 $1 27. g3 a5 28.
Rc1 Bc5 29. Re2 b6 30. h4 $1 Ba6 $6 (30... gxh4 $5 31. Qxh4 Bd7 $1 $15 {
With idea 32...Rae8, and 33...Bc6}) 31. Rxe6 $1 Bd3 $1 (31... Bxf2+ 32. Kh2 $36
) (31... Rxf2 $2 32. Rxc5 $1 Rf1+ 33. Kg2 bxc5 34. Rxa6 $1 Rxa6 35. Kxf1 $16)
32. Rxc5 $1 (32. Rg6 $5) (32. hxg5 Rxf2 $1 33. Qxd3 Rd2+ 34. Rxc5 Rxd3 $19)
32... bxc5 33. hxg5 $1 Nxg5 $2 (33... Rb8 34. g6 Rb1+ 35. Kg2 Bf1+ 36. Kh2 $1
Rxf2+ 37. Kg1 Rg2+ 38. Kh1 $18) (33... Rf6 $1 34. Qh1 $1 (34. Qh3 Rxe6 35. Qxe6
Re8 36. Qb6 Re1+ 37. Kg2 $13) 34... Rxe6 35. Qxa8+ Re8 36. Qxa5 c4 37. Qb4+ $5
(37. f4 $13) 37... Kg8 38. f4 $16) 34. Qe7+ (34. Qe7+ Kg8 35. Rg6+ Kh8 36. Qg7#
) 1-0

[Event "Bundesliga 0102"]
[Site "Germany"]
[Date "2001.11.24"]
[Round "3.5"]
[White "Knaak, Rainer"]
[Black "Berg, Emanuel"]
[Result "1-0"]
[WhiteElo "2494"]
[BlackElo "2496"]
[Annotator "Hecht,H"]
[PlyCount "107"]
[EventDate "2001.10.06"]
[EventType "team-tourn"]
[EventRounds "15"]
[EventCountry "GER"]
[SourceTitle "CBM 087"]
[Source "ChessBase"]
[SourceDate "2002.03.21"]
[SourceVersion "1"]
[SourceVersionDate "2002.03.21"]
[SourceQuality "1"]
[WhiteTeam "Werder Bremen"]
[BlackTeam "Hamburger SK"]
[WhiteTeamCountry "GER"]
[BlackTeamCountry "GER"]

1. d4 e6 2. c4 Nf6 3. Nc3 Bb4 4. e3 c5 5. Bd3 cxd4 6. exd4 d5 7. Nf3 O-O 8. O-O
Nc6 9. Bg5 Be7 10. Rc1 dxc4 11. Bxc4 Nd5 12. Bxe7 Ncxe7 13. Nxd5 exd5 14. Bd3
Qb6 15. Re1 Nc6 16. Rc5 g6 17. Rb5 Qc7 18. Qc1 Qd6 19. Qh6 Qf6 20. Rxd5 Bg4 21.
Rd6 Qg7 22. Qxg7+ Kxg7 23. Ne5 Nxe5 24. dxe5 Be6 25. Be4 Rad8 26. Rdd1 Bxa2 27.
Bxb7 Rxd1 28. Rxd1 {[#] Weißer Mehrbauer und schwarze Bauernschwäche am
Damenflügel. Weiß schützt geschickt seine Stellung. Das Finale gleicht einem
"sudden death".} Rb8 29. Rd7 {[%csl Gb2][%cal Gd7a7,Gd7f7]} Be6 30. Rc7 a5 31.
Kf1 Kf8 32. Ke2 Ke8 33. Bc6+ Kd8 34. Rb7 Rc8 35. Be4 {[%csl Gc2]} Rc5 36. f4
Kc8 37. Rb6 Kc7 38. Rb7+ Kc8 39. Kd3 Ba2 (39... a4 $142 {um einen
Läuferstützpunkt auf b3 zu haben} 40. g4 $5 (40. Ra7 $6 Rb5 41. Rxa4 Rxb2)
40... g5 (40... Bxg4 41. Rxf7 Rc7 42. Rxc7+ Kxc7 43. Kc3 $18 {[%csl Ra4][%cal
Rc3b4]}) 41. f5 Bb3 42. Re7 Kd8 43. f6 h6 44. Bf5 $16) 40. Bf3 (40. b3 Bb1+ 41.
Kd4 Bxe4 42. Rxf7 $18) 40... h5 41. b3 $1 h4 42. Kd4 Rc2 43. Rb5 Kd8 44. Bd5 a4
45. Be4 ({Vermeidet das Turmendspiel nach} 45. bxa4 Bxd5 46. Kxd5 Rxg2 47. Rb7
Ke8 48. h3 Rg3 {z.B.} 49. a5 ({oder} 49. e6 fxe6+ 50. Kxe6 Re3+ 51. Kf6 Rxh3
52. Kxg6 Ra3) 49... Ra3) 45... Rc1 46. bxa4 Rc4+ 47. Ke3 Rc3+ (47... Rxa4 48.
Rb8+ Kc7 49. Rh8 (49. Ra8 $2 Rxa8 50. Bxa8 Kd7 $14) 49... Ra3+ 50. Kf2 Ra4 51.
Kf3 Ra3+ 52. Kg4 Be6+ 53. Kg5 h3 54. g4 $16 ({oder} 54. gxh3 $16)) 48. Kf2 Rc4
49. Kf3 Rc3+ 50. Kg4 Rc4 51. Bf3 Rxa4 52. Rb8+ Ke7 {Zieht ein Ende mit
Schrecken dem langen Siechtum vor.} (52... Kd7 53. h3 Be6+ 54. Kg5 $18 {
[%cal Rb8h8,Rh8h4]}) (52... Kc7 53. Ra8 Be6+ 54. Kg5 Rb4 55. h3 $18) 53. Bc6 {
[%csl Ra4][%cal Rb8e8]} Be6+ 54. Kg5 {Sudden death!} 1-0